Header

Homenaje a Roberto F. Giusti : (Registro nro. 53140)

Detalles MARC
000 -LEADER
campo de control de longitud fija 00993nam a2200253 a 4500
001 - NÚMERO DE CONTROL
campo de control 53140
003 - IDENTIFICADOR DE NÚMERO DE CONTROL
campo de control AR-BaAGN
005 - FECHA Y HORA DE LA ÚLTIMA TRANSACCIÓN
campo de control 20241226152338.0
007 - CAMPO FIJO DE DESCRIPCIÓN FÍSICA--INFORMACIÓN GENERAL
campo de control de longitud fija ta
008 - DATOS DE LONGITUD FIJA--INFORMACIÓN GENERAL
campo de control de longitud fija s1995 ag ||||| |||| ||| ||spa d
040 ## - FUENTE DE CATALOGACIÓN
Centro catalogador/agencia de origen AR-BaAGN
Lengua de catalogación español
Normas de descripción aacr
942 ## - ELEMENTOS DE ENTRADA SECUNDARIOS (KOHA)
Tipo de ítem Koha Libro
110 2# - ENTRADA PRINCIPAL--NOMBRE DE ENTIDAD CORPORATIVA
Nombre de entidad corporativa o nombre de jurisdicción como elemento de entrada Academia Argentina de Letras
ID autoridades 8470
245 10 - MENCIÓN DEL TÍTULO
Título Homenaje a Roberto F. Giusti :
Resto del título 1887-1978.
260 ## - PUBLICACIÓN, DISTRIBUCIÓN, ETC.
Lugar de publicación, distribución, etc. Buenos Aires :
Nombre del editor, distribuidor, etc. Academia Argentina de Letras,
Fecha de publicación, distribución, etc. 1995.
300 ## - DESCRIPCIÓN FÍSICA
Extensión 45 páginas ;
Dimensiones 22 cm.
336 ## - TIPO DE CONTENIDO
Fuente rdacontent
Código de tipo de contenido texto
337 ## - TIPO DE MEDIO
Fuente rdamedia
Código del tipo de medio no mediado
338 ## - TIPO DE SOPORTE
Fuente rdacarrier
Código del tipo de soporte volumen
490 ## - MENCIÓN DE SERIE
Mención de serie Biblioteca de la Academia Argentina de Letras. Serie Homenajes ;
Designación de volumen o secuencia 13
505 0# - NOTA DE CONTENIDO CON FORMATO
Nota de contenido con formato Introducción / Raúl H. Castagnino -- Agradecimiento / Elsa Giusti de Gutiérrez Burzaco -- Giusti en la crítica iberoamericana / Juan Carlos Ghiano -- R. F. Giusti en la Universidad / Eduardo L. Brizuela -- Roberto F. Giusti y la generación de la revista "Nosotros".
650 #4 - PUNTO DE ACCESO ADICIONAL DE MATERIA--TÉRMINO DE MATERIA
Término de materia o nombre geográfico como elemento de entrada LITERATURA
ID autoridades 1464
650 #4 - PUNTO DE ACCESO ADICIONAL DE MATERIA--TÉRMINO DE MATERIA
Término de materia o nombre geográfico como elemento de entrada HOMENAJE
ID autoridades 1745
Existencias
Estado de retiro Estado de pérdida Fuente del sistema de clasificación o colocación Estado de conservación Biblioteca actual Ubicación en estantería Signatura topográfica completa Código de barras Tipo de ítem Koha
    Clasificación Decimal Dewey   Biblioteca del Archivo General de la Nación AGN - Folletos AGN.f.A 2501 AGN.f.A-2501 Folleto

Contacto

Dirección: Av. Leandro Alem 246, 3er piso (CABA).
Código postal: C1003AAP
Teléfono: 2206-0013
Correo electrónico: comunicacionagn@mininterior.gob.ar
Sitio Web: www.argentina.gob.ar/interior/archivo-general-de-la-nacion

AGN en las redes sociales

Facebook  /  Twitter  /  Instagram